000 00626nam a2200253 a 4500
001 nice12345678
003 IN_TiNIC
005 20260116013326.0
008 050524s1990 dela grp 000 0 eng
020 _a8185445
_c190
082 0 0 _a305.6297054
_bAKB
100 _aAkbar, M
245 _aEnterpreneurship and Indian Muslims
260 _aDelhi
_bManak Pub
_c1990
300 _a202p
500 _aincludes index and biblioraphy
505 2 _aIndex
650 _aMuslims-India-Economics
650 _aEconomics-India-Muslims
700 1 _aAkbar, M
902 _bSRS
942 _cBK
999 _c10569
_d10569